International wildlife trade : (Registro nro. 2548)

Detalles MARC
000 -CABECERA
Campo de control 00938cam a2200241 i 4500
005 - FECHA Y HORA DE LA ULTIMA TRANSACCION
Campo de control 20200104041533.0
008 - ELEMENTOS DE LONGITUD FIJA—INFORMACION GENERAL
Campo de control 940804s1994 dcua bl 001 0 eng
020 ## - ISBN
ISBN 1559633484 (acidfree paper)
040 ## - FUENTE DE CATALOGACIÓN
Agencia catalogadora original DLC
Agencia transcriptora DLC
Agencia Modificadora DLC
-- CO-BoIAVH
041 0# - IDIOMA
Código de idioma para texto/pista de sonido o título separado Inglés
082 04 - NUMERO DE CLASIFICACION DECIMAL DEWEY
Número de clasificación 333.95416
Número del ítem I61i
245 00 - MENCION DE TITULO
Título International wildlife trade :
Parte restante del título a CITES sourcebook /
Mención de responsabilidad Ginette Hemley, editor.
260 ## - PUBLICACION, DISTRIBUCION, ETC. (PIE DE IMPRENTA)
Lugar de publicación, distribución, etc. Washington, D.C. :
Nombre del editor, distribuidor, etc. World Wildlife Fund :
-- Island Press,
Fecha de publicación, distribución, etc. c1994.
300 ## - DESCRIPCION FISICA
Extensión xii, 166 páginas :
Otros detalles físicos ilustraciones ;
Dimensiones 23 cm.
504 ## - NOTA DE BIBLIOGRAFIA, ETC.
Nota de bibliografía Incluye referencias bibliográficas e índice.
630 00 - ASIENTO SECUNDARIO DE MATERIA - TITULO UNIFORME
Uniform title Convention on International Trade in Endangered Species of Wild Fauna and Flora
Date of treaty signing (1973)
9 (RLIN) 56098
650 14 - ASIENTO SECUNDARIO DE MATERIA - TERMINO TEMATICO
Término temático o nombre geográfico como elemento de entrada Especies amenazadas
9 (RLIN) 157
650 24 - ASIENTO SECUNDARIO DE MATERIA - TERMINO TEMATICO
Término temático o nombre geográfico como elemento de entrada Comercio de animales salvajes
9 (RLIN) 56100
650 24 - ASIENTO SECUNDARIO DE MATERIA - TERMINO TEMATICO
Término temático o nombre geográfico como elemento de entrada Conservación de la vida silvestre
9 (RLIN) 158
700 1# - ASIENTO SECUNDARIO - NOMBRE PERSONAL
Nombre personal Hemley, Ginette,
Término de relación editor.
9 (RLIN) 16457
730 0# - ADDED ENTRY--UNIFORM TITLE
Date of treaty signing (1973)
942 ## - ELEMENTOS ADICIONALES (KOHA)
Sistema de clasificación Dewey Decimal Classification
Tipo de ítem Libro
Existencias
Withdrawn status Lost status Sistema de Clasificación Damaged status No para préstamo Colección Inventariado Ubicación Permanente Ubicación actual Fecha de adquisición Fuente de Valor Valor Total Checkouts Número topográfico Inventario / Código de Barras Date last seen Ejemplar Price effective from Forma de adquisición Tipo de material
    Dewey Decimal Classification     General Inventariado 2017 Bogotá Bogotá 12/02/2002 Instituto 39000.00   LB-333.95416 I61i 003143 04/12/2012 Ej. 1 04/12/2012   Libro